000 01097nam a2200313 i 4500
001 197007
003 ES-MaACL
005 20250804062717.0
008 250312q19011950sp spa
016 7 _abimoBNE19981952872
_zIND9200391367
_2SpMaBN
035 _a(OCoLC)431377906
035 _a(SpMaBN)bimo0000949584
035 _a991040183879708606
040 _aSpMaBN
_bspa
_cA2
245 0 3 _aLa heroe de cascorro
260 _aMadrid :
_bNueva Biblioteca,
_c[1ª mitad siglo XX]
300 _a47 p. :
_bgrab. ;
_c22 cm
336 _2rdacontent
_atexto
337 _2rdamedia
_asin mediación
338 _2rdacarrier
_avolumen
490 1 _aEpisodios célebres de España ;
_v2
655 0 _aNovelas
_9234319
830 _aEpisodios célebres de España ;
_9239798
_v2
852 _aES-MaACL
_cDEPO2
_jG-16029 (3)
_9204753
_hDonación: Juan Antonio Porto
903 _993285
_aPorto, Juan Antonio,
_d1937-2021
_ednr
942 _2udc
_cMONOGRAFIA
_n0
999 _c197007
_d197007